000
00269nam a22001217a 4500
008
250108b |||||||| |||| 00| 0 eng d
020
_a
014-028045-6
050
_a
PR7596.9
_b
.F37
100
_a
Farah Nuruddin
245
_a
Secrets
260
_a
Kaduna
_c
1998
942
_c
BK
999
_c
1896
_d
1896